000 00652cam a2200229 4500
001 J644
008 090401t1992 xxu||||| |||| 00| 0 eng d
035 _a(Sirsi) u75998
041 _aeng
050 _a692.8
100 _aHibberd, P.R.
245 _aLiquidated and ascertained damages.
260 _aAscot, Berks.
_bChartered Institute of Building
_c1992
300 _a11p. ; 30cm.
350 _a3.5
490 _aConstruction Papers
_v4
650 _aBUILT ENVIRONMENT-BUILDING CONTRACT FORMS
690 _aBUILT ENVIRONMENT-BUILDING CONTRACT FORMS
710 _aChartered Institute of Building
_92134
942 _n0
948 _c04/03/1997
999 _c96103
_d96103